| 000 | 01162nam a22002537a 4500 | ||
|---|---|---|---|
| 005 | 20140505123505.0 | ||
| 010 | _aENG-109682 | ||
| 020 |
_a9789339204389 _c450.00 |
||
| 020 |
_a9339204387 _c450.00 |
||
| 035 | _aEN-93215 | ||
| 037 | _bDBAD/PUB | ||
| 082 | _a658.314 | ||
| 100 | _aMarciano, Paul L. | ||
| 245 | 0 | 0 |
_aCarrots and sticks don't work : _cby Paul L. Marciano _bbuild a culture of employee engagement with the principles of respect / |
| 260 |
_aNew Delhi _bMcGraw Hill Education _c2014 |
||
| 270 |
_aP-24, Green Park Extn. _bNew Delhi _e110016 |
||
| 300 |
_axxviii,227p. _c22cm(pbk) |
||
| 500 | _a Includes bibliographical references and index. | ||
| 505 | _a The workplace "carrot-on-a-stick" -- Reward and recognition programs don’t work -- Employee engagement -- The RESPECT model : building a culture of employee engagement -- Recognition -- Empowerment -- Supportive feedback -- Partnering -- Expectation -- Consideration -- Trust -- Implementing the RESPECT model. | ||
| 650 | _a Employee motivation. | ||
| 650 |
_aEmployees _xAttitudes. |
||
| 650 | _a Organizational commitment. | ||
| 942 |
_2ddc _cEN _mMAR _h658.314 |
||
| 999 |
_c83363 _d83363 |
||